000 00582nam a2200205Ia 4500
005 20221011103821.0
008 131103s9999 xx 000 0 und d
040 _aLoreto College
041 _aEnglish
082 _a150
_bMER
100 _aMercer, Charles
245 _aLiving in cities
_b psychology and the urban environment
_cCharles Mercer
260 _aHarmondsworth
_bPenguin Books
_c1975
300 _a240p
504 _aIncludes bibliographical references and index
650 _aPsychology
651 _aEnvironmental Psychology
850 _aLCLIB
942 _cBK
999 _c18969
_d69448